000 00552nam a2200181Ia 4500
005 20250508153111.0
008 008 250505s9999 xx 000 0 eng d
037 _aTextual
040 _aFEDL
_beng
_cFEDL
041 _aeng
_2eng
084 _a309.23, POS
_qFEDL
100 _aPoston Richard Waverly
_9135733
245 0 _aDemocracy speaks many tongues : Community development around the world
260 _aNew York, USA
_bHarper and Row
_c1962
300 _axviii,206p.
942 _cTEXL
_h309.23, POS
999 _c1340693
_d1340693